Normal view
MARC view
- الكوفحي، ماجد عبد المجيد ؛ م.مشارك: وليد وهيب الطحاينة
Entry Personal Name
001 - CONTROL NUMBER
- control field: 21446
003 - CONTROL NUMBER IDENTIFIER
- control field: JO-AjAnu
005 - DATE AND TIME OF LATEST TRANSACTION
- control field: 20230606073721.0
008 - FIXED-LENGTH DATA ELEMENTS
- fixed length control field: 230606|| aca||aabn | a|a d
040 ## - CATALOGING SOURCE
- Original cataloging agency: JO-AjAnu
- Transcribing agency: JO-AjAnu
100 ## - HEADING--PERSONAL NAME
- Personal name: الكوفحي، ماجد عبد المجيد ؛ م.مشارك: وليد وهيب الطحاينة
670 ## - SOURCE DATA FOUND
- Source citation: Work cat.: (JO-AjAnu)11018: الكوفحي، ماجد عبد المجيد ؛ م.مشارك: وليد وهيب الطحاينة, author, القواعد الفقهية الكلية في الشريعة الإسلامية : دراسة قانونية وأكاديمية